Biblioteca

Todos necesitamos: Un beso (Registro nro. 49344)

Detalles MARC
000 -LÍDER
Campo fijo de descripción fija 00461aam a2200181 i 4500
001 - NÚMERO DE CONTROL
Campo de control 2198
003 - IDENTIFICADOR DEL NÚMERO DE CONTROL
Campo de control CO-MdBIC
005 - FECHA Y HORA DE LA ULTIMA TRANSACCIÓN
control field 20220404172339.0
008 - ELEMENTOS DE LONGITUD FIJA -- INFORMACIÓN GENERAL
Campo fijo de descripción fija -- Información general 220222b2011 spaa|||| |||| 00| 0 spa d
020 ## - NÚMERO INTERNACIONAL NORMALIZADO PARA LIBROS
Número Internacional Normalizado del libro 978-84-236-9963-6
040 ## - FUENTE DE CATALOGACIÓN
Idioma de catalogación spa.
082 04 - NÚMERO DE CLASIFICACIÓN DECIMAL DEWEY
Número de clasificación 823
Número de la edición del Dewey 22
Clave de autor-Numero de item P665
100 1# - ASIENTO PRINCIPAL--NOMBRE PERSONAL
Nombre personal Sophie Piper
245 10 - TÍTULO
Título del Material Todos necesitamos: Un beso
260 ## - PUBLICACIÓN, DISTRIBUCIÓN, ETC. (PIE DE IMPRENTA)
Lugar de publicación, distribución, etc. España : Edebé
505 00 - NOTA DE CONTENIDO
Nota de contenido con formato preestablecido Todos necesitamos: Un amigo -- Un abrazo -- Amor -- Un Beso
942 ## - TIPO DE MATERIAL (KOHA)
Tipo de Item KOHA Z- Libro General BINCO
Existencias
Estado de Material Estado de Perdido Estado de Dañado No para Préstamo Tomo Biblioteca de Origen Biblioteca Permanente Fecha de Adquisición Total de Préstamos Signatura Topográfica Código de Barras Última vez visto Última vez Préstado Ejemplar/Existencia Fecha de Remplazo Tipo de Material Forma de Clasificación
          Biblioteca Infantil Comunitaria BINCO Biblioteca Infantil Comunitaria BINCO 11/07/2013 3 B T569d B33294 15/07/2024 24/06/2024 1 26/01/2016 Z- Libro General BINCO  
          Biblioteca Infantil Comunitaria BINCO Biblioteca Infantil Comunitaria BINCO 04/04/2022   B T569d   04/04/2022     04/04/2022 Z- Libro General BINCO Dewey Decimal Classification
          Biblioteca Infantil Comunitaria BINCO Biblioteca Infantil Comunitaria BINCO 04/04/2022   823 P665   04/04/2022     04/04/2022 Z- Libro General BINCO Dewey Decimal Classification

Biblioteca FUSBC | Teléfono: (57+4) 349 88 10 Ext. 141| WhatsApp (+57) 3005338115 
E-mail: biblioteca@unisbc.edu.co | Calle 76 87-14 Robledo Palenque, Medellín, Colombia

Con tecnología Koha